000 01398nam a22002897a 4500
005 20240530110907.0
008 220302s2008 ua g b 000 0 ara d
017 _a2008/21824
_bمصر. دار الكتب
040 _aEG-CaGPL
_cEG-CaGPL
082 0 4 _221
_a322.1/
_bم م
110 1 _aمركز الدراسات السياسية والاستراتيجية بالاهرام
245 1 2 _aالمراجعات من الجماعة الاسلامية الى الجهاد /
_cمركز الدراسات السياسية والاستراتيجية بالاهرام ؛ تحرير ضياء رشوان
250 _aط.1
260 _aالقاهرة :
_bتمركز الدرسات السياسية والاستراتيجية بالاهرام،
_c2008.
300 _a150 ص. ؛
_c24 سم.
504 _aيشتمل على ارجاعات ببليوجرافية
650 0 7 _2qrmak
_aالاخوان المسلمين
650 0 7 _2qrmak
_aالاخوان المسلمين
_xتاريخ
650 0 7 _2qrmak
_aالاسلام
_xدعوات سلفية
650 0 7 _2qrmak
_aالاحزاب السياسية
650 0 7 _2qrmak
_aالاسلام
_xالاحوال السياسية
650 0 7 _2qrmak
_aالاسلام
_xحركات الاحياء والاصلاح والتجديد
651 _2qrmak
700 0 _aضياء رشوان
_eمحرر
942 _2ddc
_cBK
999 _c66235
_d66235